00396nam a22001217a 4500008004100000020001500041050002700056100002300083245008100106260004600187300001500233650002600248220616b |||||||| |||| 00| 0 eng d a9966262431 aH62b.N45 2020 V.1 c.1 aNdikaru Wa Teresia aResearch Methodology: bfor Students of Social Sciences cNdikaru Wa Teresia aEldoret, Kenya bUtafiti Foundationc2020 avii, 225p. aResearch Methodology